000 00650nam a2200205Ia 4500
003 OSt
005 20250505124537.0
008 210210b1971 xxu||||| |||| 00| 0 eng d
040 _cAL
041 _aKannada
082 _a394.2K SHRM
100 _aSHRIPADA JOSHI.
_dಶ್ರೀಪಾದ ಜೋಶಿ
_9209288
245 _aMuslim utsavagalu mattu samskaragalu.
_bಮುಸ್ಲಿಂ ಉತ್ಸವಗಳು ಮತ್ತು ಸಂಸ್ಕಾರಗಳು
260 _aMaisuru.
_bKannada Adhyayana Samsthe.,
_c1971
300 _axii,66
650 _aMuslim Feasts
_9209289
690 _aCustoms
_9209290
906 _a030279
942 _2ddc
_cBK
999 _c81458
_d81458